| 000 | 00000nam##2200000za#4500 |
| 001 | 9.643434 |
| 003 | CaOODSP |
| 005 | 20210624224152 |
| 007 | cr ||||||||||| |
| 008 | 150407|1977||||xxc|||||o f|0| 0 fre|d |
| 040 | |aCaOODSP|bfre |
| 043 | |an-cn--- |
| 086 | 1 |aA53-1488/1977F-PDF |
| 110 | 1 |aCanada.|bAgriculture Canada. |bDirection générale de recherche. |
| 245 | 10|aIrrigation dans les prairies / |h[ressource électronique]|c[par] H.C. Korven et W.E. Randall. |
| 260 | |aOttawa - Ontario : |bAgriculture Canada. |c1977. |
| 300 | |a32p.|bfigures, glossaire, graphique, références, tableaux, photographies |
| 500 | |aPublication historique numérisée par Agriculture et Agroalimentaire Canada. -- «Publication fédérale/provinciale. Canada/Saskatchewan»--p. 3 de 32. |
| 590 | |a15-01-Supp|b2015-01-26 |
| 691 | 07|aCultures|2gcpds |
| 691 | 07|aIrrigation|2gcpds |
| 691 | 07|aTechnologie agricole|2gcpds |
| 775 | 08|tIrrigation on the Prairies / |w(CaOODSP)9.699465 |
| 856 | 40|ahttp://publications.gc.ca|qPDF|s2.3 Mo|uhttps://publications.gc.ca/collections/collection_2014/aac-aafc/agrhist/A53-1488-1977-fra.pdf |
| 986 | |a1488 |